000
00281nam a22001217a 4500
020
_a
IS 14525
041
_a
ENG
245
_a
Forestry Tools - Seed Plucker - Specification
260
_a
New Delhi
_b
BIS
_c
1998
300
_a
02
650
_a
BIS Tist Code
856
_u
BIS Tist Code
999
_c
2146
_d
2146